Obras completas : novelas, cuentos, narraciones. volumen 2 /

Guardado en:
Autor Principal: Wilde, Oscar
Formato: Libro
Publicado: Buenos Aires : El Ateneo, 1953
Series:Biblioteca El Ateneo
Materias:
Etiquetas: Agregar Etiqueta
Sin Etiquetas, Sea el primero en etiquetar este registro!
LEADER 00869nam a22002055a 4500
001 CEM.cems012271
005 20100603103038.0
008 130507s1953##################000#0#####d
003 CEMS
082 0 4 |a 891.628 
100 1 |a Wilde, Oscar 
245 1 0 |a Obras completas :  |b novelas, cuentos, narraciones. volumen 2 /  |c Oscar Wilde 
260 |a Buenos Aires :  |b  El Ateneo,  |c 1953 
300 |a 886 p. 
490 0 |a Biblioteca El Ateneo 
505 0 |a El abanico de Lady Windermere -- Una mujer sin importancia -- Un marido ideal -- La importancia de llamarse Ernesto -- Vera o los nihilistas -- La duquesa de Padua -- Salomé -- Una tragedia florentina -- La santa cortesana o la mujer cubierta de joyas -- Poemas 
653 |a Literatura 
653 |a Literatura irlandesa 
653 |a Obras clásicas 
859 |a CEMS  |b BIB. CEMS - 11 de abril  |h 891.628  |i W644-7  |p 23419.06  |t Ej.1  |v II  |3 II